00720cam a22002297a 4500003000500000005001700005008004100022010001000063011001000073035001000083040000900093082001400102100002500116245004500141260005700186300001900243490008800262650001200350650001100362700002900373830008800402CHAP20220329135215.0971013s1980 r 00010 d a32612 a33584 a37700 cCHAP a584.5bM300aMatuda Matuda, Eizi.14aLas plantas mexicanas del género Yucca aToluca, Edo. de Méx. :bGobierno del Estado,c1980 a145 p.b: ilus 0aColección miscelánea Estado de México. Serie Fernando de Alva Ixtlilxóchitl14aPalmas.14aYucca.0 aPiña Luján, Ignacio.0 aColección miscelánea Estado de México. Serie Fernando de Alva Ixtlilxóchitl